Microelectronic circuits (Record no. 1329)

000 -LEADER
fixed length control field 00597nam a22002177a 4500
001 - CONTROL NUMBER
control field 1329
003 - CONTROL NUMBER IDENTIFIER
control field BD-DhUET
008 - FIXED-LENGTH DATA ELEMENTS--GENERAL INFORMATION
fixed length control field 140903b xxu||||| |||| 00| 0 eng d
020 ## - INTERNATIONAL STANDARD BOOK NUMBER
International Standard Book Number 0195680847
040 ## - CATALOGING SOURCE
Transcribing agency 0
Modifying agency BD-DhUET
082 ## - DEWEY DECIMAL CLASSIFICATION NUMBER
Classification number 623.8153
Item number SED/1982
100 ## - MAIN ENTRY--PERSONAL NAME
Personal name Sedra, Adel.S
245 ## - TITLE STATEMENT
Title Microelectronic circuits
Statement of responsibility, etc. by Adel S. Sedra and Kenneth C. Smith
250 ## - EDITION STATEMENT
Edition statement 5th ed.
260 ## - PUBLICATION, DISTRIBUTION, ETC. (IMPRINT)
Place of publication, distribution, etc. New York
Name of publisher, distributor, etc. Oxford University Press
Date of publication, distribution, etc. 1982
300 ## - PHYSICAL DESCRIPTION
Extent xxi, 1283 p.
Other physical details ill.
Dimensions 22 cm.
504 ## - BIBLIOGRAPHY, ETC. NOTE
Bibliography, etc Includes bibliographies
650 #0 - SUBJECT ADDED ENTRY--TOPICAL TERM
Topical term or geographic name as entry element Electronic-Circuits
700 ## - ADDED ENTRY--PERSONAL NAME
Personal name Smith, Kenneth C.
942 ## - ADDED ENTRY ELEMENTS (KOHA)
Koha item type General Book
Holdings
Not for loan Koha item type Lost status Sublocation or collection (holding branch) Source of classification or shelving scheme Damaged status Piece designation (barcode) Date acquired Location (home branch) Koha issues (times borrowed) Koha renewals Koha normalized classification for sorting Price effective from Koha full call number Shelving location Copy number Koha date last borrowed Koha date last seen Koha out on loan Withdrawn status
 Guide Book Central Library, BUET  1038712014-09-03Central Library, BUET91623_000000000000000_8153SED2002014-09-03623.8153/SED/2004Circulation section12021-12-212022-05-22  
 General Book Central Library, BUET  1038662007-05-28Central Library, BUET71623_815300000000000_SED_20042014-09-03623.8153/SED/2004Circulation section22026-01-202026-01-202026-02-03 
 Guide Book Central Library, BUET  1038672014-09-03Central Library, BUET13 623_000000000000000_8153SED2002014-09-03623.8153/SED/2004Circulation section32022-11-222022-11-222022-12-06 
 Guide Book Central Library, BUET  1038682014-09-03Central Library, BUET2 623_000000000000000_8153SED2002014-09-03623.8153/SED/2004Circulation section42016-02-272016-02-272017-02-26 
 Guide Book Central Library, BUET  1038702014-09-03Central Library, BUET12 623_000000000000000_8153SED2002014-09-03623.8153/SED/2004Circulation section52024-03-062024-06-02  
 Guide Book Central Library, BUET  1038732014-09-03Central Library, BUET132623_000000000000000_8153SED2002014-09-03623.8153/SED/2004Circulation section62025-08-242025-09-08  
 Guide Book Central Library, BUET  1038722014-09-03Central Library, BUET161623_000000000000000_8153SED2002014-09-03623.8153/SED/2004Circulation section82023-06-052023-06-052023-06-19 
 Guide Book Central Library, BUET  1038742014-09-03Central Library, BUET18 623_000000000000000_8153SED2002014-09-03623.8153/SED/2004Circulation section92025-09-242025-10-18  
 Guide Book Central Library, BUET  1016932014-10-27Central Library, BUET5 623_000000000000000_8153SED2002014-10-27623.8153/SED/2004Circulation section102020-02-102020-02-102021-02-09 
 General Book Central Library, BUET  1077892014-11-29Central Library, BUET1 623_815300000000000_SED_19822014-11-29623.8153/SED/1982Circulation section112014-12-082026-03-08  
 General Book Central Library, BUET  1016922016-03-27Central Library, BUET10 623_815300000000000_SED_19822016-03-27623.8153/SED/1982Circulation section122025-04-292025-04-292025-05-13